000 00813nam a22002537a 4500
003 OSt
005 20250416084805.0
008 210302s1965 sp ||||er|||| 00| f spa d
020 _a190901965
040 _aCO-JMCR
_cCO-JMCR
041 1 _aspa
_heng
082 0 4 _223
_aA-N
_bMAUf
100 1 _aMaugham, William Somerse,
_eautor
_914210
245 1 3 _aEl filo de la navaja /
_cW. Somerset Maugham ; traducción, Fernando Calleja
260 _aBarcelona :
_bEdiciones G.P,
_c1965
300 _a317 páginas ;
_c18 cm.
500 _aTítulo original: The razor´s edge
546 _aTraducido del inglés
650 1 4 _aNovela inglesa
_ySiglo xx
_97155
650 2 4 _aLiteratura inglesa
_9563
650 2 4 _aIronía en la literatura
_914211
700 1 _aCalleja, Fernando,
_eautor
_914212
942 _2ddc
_cBK
999 _c7400
_d7400